000 00517nam a2200169Ia 4500
999 _c12439
_d12439
003 OSt
005 20201001131814.0
008 190216s9999||||xx |||||||||||||| ||und||
040 _coclc
082 _a822.33
_bQUI/W
100 _aQuiller Couch, Arthur
_94949
245 0 _aMuch Do About Nothing /
_c Arthur Quiller Couch ; John dover Wilson
260 _bCambridge Uty Press,
_c1969.
_aNewyork:
300 _a174p
650 _aEnglish Drama
942 _cBK
_2ddc
_h822.33
_iQUI/W
_k822.33
_mQUI/W